ធុងទឹក : (Record no. 10012)
[ view plain ]
| 000 -LEADER | |
|---|---|
| fixed length control field | 02171nam a22003137a 4500 |
| 001 - CONTROL NUMBER | |
| control field | 10012 |
| 003 - CONTROL NUMBER IDENTIFIER | |
| control field | FISKH |
| 005 - DATE AND TIME OF LATEST TRANSACTION | |
| control field | 20260327113555.0 |
| 008 - FIXED-LENGTH DATA ELEMENTS--GENERAL INFORMATION | |
| fixed length control field | 260327b cb ||||| |||| 00| 0 eng d |
| 020 ## - INTERNATIONAL STANDARD BOOK NUMBER | |
| International Standard Book Number | 9789996388071 |
| 040 ## - CATALOGING SOURCE | |
| Original cataloging agency | FISKH |
| Language of cataloging | Bing |
| Transcribing agency | FISKH |
| Modifying agency | FISKH |
| 050 ## - LIBRARY OF CONGRESS CALL NUMBER | |
| Classification number | PZ7 |
| 082 ## - DEWEY DECIMAL CLASSIFICATION NUMBER | |
| Classification number | 398.2 |
| 100 ## - MAIN ENTRY--PERSONAL NAME | |
| Personal name | Socheata , Soth |
| 245 ## - TITLE STATEMENT | |
| Title | ធុងទឹក : |
| Remainder of title | Bucket / |
| Statement of responsibility, etc. | និពន្ធនិងរៀបរៀងដោយ អ្នកស្រី សុត សុជាតា , ពិនិត្យអក្ខរាវិរុទ្ធអក្សរខ្មែរ ឯកឧត្តមសាស្រ្តាចារ្យបណ្ឌិត ខៀវ កុសល និង លោក ប៉ាង ម៉ារ៉ាឌី |
| 250 ## - EDITION STATEMENT | |
| Edition statement | បោះពុម្ពលើកទី១នៅប្រទេសកម្ពុជា ខែមករា ឆ្នាំ ២០១៥ ដោយ សៀវភៅប្រាជ្ញា |
| 260 ## - PUBLICATION, DISTRIBUTION, ETC. | |
| Place of publication, distribution, etc. | ភ្នំពេញ : |
| Name of publisher, distributor, etc. | គ្រឹះស្ថានបោះពុម្ពផ្សាយសៀវភៅប្រាជ្ញា , |
| Date of publication, distribution, etc. | 2015 . |
| 300 ## - PHYSICAL DESCRIPTION | |
| Extent | 17 pages : |
| Other physical details | color illustrations ; |
| Dimensions | 26 cm . |
| 505 ## - FORMATTED CONTENTS NOTE | |
| Formatted contents note | H <br/> |
| 520 ## - SUMMARY, ETC. | |
| Summary, etc. | រឿងមួយនេះ អប់រំអត្តចរិកប្អូនៗកុមារអោយស្គាល់នូវភាពទន់ខ្សោយរបស់ខ្លួន ព្រោះការទទួលស្គាល់ភាពទន់ខ្សោយជាការដែលឈានទៅរកការអភិវឌ្ឍន៏ ដើម្បីជួយខ្លួនឯងនិងអ្នកដទៃទៀតជាច្រើន ។ |
| 520 ## - SUMMARY, ETC. | |
| Summary, etc. | This story aims at educating kids to accept their weakness because recongnizing this weakness will enable them to turn their weakness to be helpful for themselves and other people . |
| 521 8# - TARGET AUDIENCE NOTE | |
| Target audience note | 400 <br/> |
| Source | Lexile estimate <br/> |
| 521 8# - TARGET AUDIENCE NOTE | |
| Target audience note | H <br/> |
| Source | Raz-Plus <br/> |
| 650 ## - SUBJECT ADDED ENTRY--TOPICAL TERM | |
| Topical term or geographic name entry element | ធុងទឹក |
| Form subdivision | រឿងនិទានកុមារ |
| 650 ## - SUBJECT ADDED ENTRY--TOPICAL TERM | |
| Topical term or geographic name entry element | Bucket |
| Form subdivision | Children's Stories |
| 700 ## - ADDED ENTRY--PERSONAL NAME | |
| Personal name | Bunthon , Theak |
| Relator term | Illustrator |
| 942 ## - ADDED ENTRY ELEMENTS (KOHA) | |
| Source of classification or shelving scheme | Dewey Decimal Classification |
| Koha item type | Books |
| Suppress in OPAC | No |
| Withdrawn status | Lost status | Source of classification or shelving scheme | Damaged status | Not for loan | Collection | Home library | Current library | Shelving location | Date acquired | Total Checkouts | Full call number | Barcode | Date last seen | Price effective from | Koha item type |
|---|---|---|---|---|---|---|---|---|---|---|---|---|---|---|---|
| Library of Congress Classification | Khmer-English Bilingual / ភាសាខ្មែរ-អង់គ្លេស | Footprints International School Library Network Toul Tom Poung Campus | Footprints International School Library Network Toul Tom Poung Campus | TTP Primary Khmer Bookshelves | 03/27/2026 | SOC PZ7 398.2 | 2026-0395 | 03/27/2026 | 03/27/2026 | Books |
